000 00590nam a2200205Ia 4500
005 20250507130309.0
008 008 250505s9999 xx 000 0 eng d
037 _aSeries Article
040 _aEASL
_beng
_cEASL
041 _aeng
_2eng
084 _qEASL
100 _aShaban Abdul
245 0 _aTrade in the creative sector: Comparing India withChina,Brazil,and Uk
260 _aIndia
_bMumbai EPW Research Foundation India
_c2015
300 _a68-75 Pp.
650 _aEconomics
700 _aVermeylen Filip
_9674298
942 _cSRA
999 _c1318841
_d1318841